00305nam a2200121Ia 4500008004100000041000800041082001600049100001600065245002800081260003200109300003100141365001100172240624s9999 xx 000 0 und d aeng a658.314 CLE aCLEGG BRIAN aJUST IN TIME BRAINPOWER c2005aNew DelhibKogan Page avii, : 117 : p. : cm. ; 23 cRSb32